000 00962cam a22003017a 4500
003 CHAP
005 20220329141105.0
008 971013s1983 r 00010 d
010 _a62438
011 _a63410
035 _a67586
040 _cCHAP
082 _a332.4
_bV5
100 0 0 _aVillarreal, René.
_9119671
245 1 3 _aLa contrarevolución monetarista
_b: teoría, política económica e ideología del neoliberalismo
260 _aMéxico, D.F. :
_bOceáno,
_c1983
300 _a545 p.
590 _aBATCH-UPD
_b10
_c20130110
_lUCH01
_h0555
590 _aBATCH-UPD
_b10
_c20130410
_lUCH01
_h0236
590 _aBATCH-UPD
_b10
_c20130914
_lUCH01
_h1113
590 _aCONVERSION
_b10
_c20130109
_lUCH01
_h1334
650 1 4 _aCuestión monetaria.
_930120
650 1 4 _aNeoliberalismo.
_980855
650 1 4 _aPolítica económica
_zMéxico.
_990535
901 _aBK
942 _cLIBRO
949 _a332.4 V5
_bBC
_cLIBRO
_d33724000631248
_eLIBRO
_h92109
_i67586
_si
999 _c62438
_d62438